[Event "Ruhrgebiet VK1 0405"]
[Site "Ruhrgebiet"]
[Date "2005.03.13"]
[Round "8.7"]
[White "Parado, Dominado"]
[Black "Eggebrecht, Stefan"]
[Result "1-0"]
[WhiteElo "1854"]
[BlackElo "1802"]
[PlyCount "49"]
[EventDate "2004.09.12"]
[EventType "team"]
[EventRounds "9"]
[EventCountry "GER"]
[SourceTitle "EXT 2006"]
[Source "ChessBase"]
[SourceDate "2005.11.24"]
[SourceVersion "1"]
[SourceVersionDate "2005.11.24"]
[SourceQuality "1"]
[WhiteTeam "Recklinghausen Sued"]
[BlackTeam "Essen Werden"]
[WhiteTeamCountry "GER"]
[BlackTeamCountry "GER"]

1. d4 d5 2. c4 e6 3. Nc3 Nf6 4. Bg5 Nbd7 5. cxd5 exd5 6. e3 c6 7. Bd3 Be7 8. Nf3 0-0 9. Qc2 Re8 10. 0-0-0 Nf8 11. h4 b5 12. Kb1 a5 13. Ne5 Bb7 14. Ne2 Rc8 15. Bxf6 Bxf6 16. Nf3 Qb6 17. Ng5 h6 18. Bh7+ Nxh7 19. Qxh7+ Kf8 20. Ng3 Ke7 21. Nf5+ Kd7 22. Nxf7 Rf8 23. Ne5+ Kc7 24. Nxg7 Rh8 25. Ne6+ 1-0

[Event "Ruhrgebiet VK1 0405"]
[Site "Ruhrgebiet"]
[Date "2004.11.28"]
[Round "4.8"]
[White "Eggebrecht, Stefan"]
[Black "Erkelenz, Ralf"]
[Result "0-1"]
[WhiteElo "1802"]
[BlackElo "1963"]
[PlyCount "62"]
[EventDate "2004.09.12"]
[EventType "team"]
[EventRounds "9"]
[EventCountry "GER"]
[SourceTitle "EXT 2006"]
[Source "ChessBase"]
[SourceDate "2005.11.24"]
[SourceVersion "1"]
[SourceVersionDate "2005.11.24"]
[SourceQuality "1"]
[WhiteTeam "Essen Werden"]
[BlackTeam "Dortmund 1926"]
[WhiteTeamCountry "GER"]
[BlackTeamCountry "GER"]

1. e4 e6 2. d3 d5 3. Nd2 c5 4. g3 Nf6 5. Bg2 Nc6 6. Ngf3 Be7 7. c3 dxe4 8. dxe4 Qd3 9. Bf1 Qd8 10. Qc2 0-0 11. Bg2 Qc7 12. 0-0 b6 13. Re1 Rd8 14. Nf1 Ba6 15. c4 Rac8 16. a3 Nd4 17. Nxd4 cxd4 18. e5 Nd7 19. Qe4 Qxc4 20. Nd2 Qc2 21. Qxd4 Nc5 22. Qe3 Nd3 23. Be4 Bc5 24. Bxd3 Rxd3 25. Qg5 h6 26. Qf4 Rcd8 27. Ne4 Rd1 28. Be3 Rxa1 29. Rxa1 Rd1+ 30. Rxd1 Qxd1+ 31. Kg2 Bf1+ 0-1